| 000 | 00878nam a2200301Ia 4500 | ||
|---|---|---|---|
| 008 | 160803s9999 xx 000 0 und d | ||
| 020 | _a 978-0545103718 | ||
| 100 | _aStilton, Geronimo | ||
| 245 | _aMighty Mount Kilimanjaro / | ||
| 245 | _cGeronimo Stilton ; illustrations by Roberto Ronchi and Silvia Bigolin ; English translation by Atlantyca S.p.A. | ||
| 260 | _aNew York : | ||
| 260 | _bScholastic Inc. | ||
| 260 | _c2010 | ||
| 300 | _a109 pages : | ||
| 300 | _bcolor illustrations ; | ||
| 300 | _c20 cm. | ||
| 440 | _aGeronimo Stilton ; | ||
| 440 | _vbk. 41 | ||
| 650 | _aKilimanjaro, Mount (Tanzania) -- | ||
| 650 | _aMice -- | ||
| 650 | _aMountaineering -- | ||
| 650 | _aStilton, Geronimo (Fictitious character) -- | ||
| 650 | _xFiction. | ||
| 650 | _xFiction. | ||
| 650 | _xFiction. | ||
| 650 | _xJuvenile fiction. | ||
| 700 | _a600 | ||
| 999 |
_c298258 _d298258 |
||